000 00434nab a2200145Ia 4500
003 ES-SlBCS
005 20210601125232.0
008 140529s1973 xxu||||| |||| 00| 0 eng d
041 _aeng
100 1 _aPapanoutsos, E. P.
_9155780
245 0 0 _aLaw and Revolution
_c E. P. Papanoutsos
650 0 4 _aLey-Revolución
_9155781
773 0 _tPhilosophy and Phenomenological Research
_gvol. 34, 1973, págs. 201-208
_wRev1411
942 _cAR
999 _c526980
_d526980